| 000 | 00598nam a2200229Ia 4500 | ||
|---|---|---|---|
| 005 | 20250425162212.0 | ||
| 008 | 250425s9999 xx 000 0 und d | ||
| 020 | _a9586166457 | ||
| 041 | _aspa | ||
| 043 | _ack | ||
| 082 |
_a338.4791 _pMEY |
||
| 100 | _aMeyer Krumholz, Daniel | ||
| 245 | 0 | _aTurismo y desarrollo sostenible | |
| 250 | _aPrimera edición | ||
| 260 |
_aBogotá _bUniversidad Externado de Colombia _c2002 |
||
| 300 |
_a422 páginas _c25 cm. |
||
| 650 | _aDesarrollo Sostenible | ||
| 650 | _aTurismo | ||
| 902 |
_aMonográfico _cImpreso |
||
| 942 | _c01 | ||
| 010 | _a56483 | ||
| 999 |
_c224431 _d224431 |
||